Kỹ thuật sản xuất giống và nuôi cá lóc thương phẩm /
v..v..
Đã lưu trong:
| Tác giả chính: | |
|---|---|
| Định dạng: | Sách |
| Năm xuất bản: |
Thanh Hóa:
Nxb Thanh Hóa,
2005. -
|
| Chủ đề: | |
| Tags: |
Thêm thẻ
Không có thẻ, Hãy là người đầu tiên gắn thẻ bản ghi này!
|
| LEADER | 00611nam a2200145 4500 | ||
|---|---|---|---|
| 082 | |a 639.312 |b D561T | ||
| 100 | |a Dương Tấn Lộc | ||
| 245 | |a Kỹ thuật sản xuất giống và nuôi cá lóc thương phẩm / |c Dương Tấn Lộc .- | ||
| 260 | |a Thanh Hóa: |b Nxb Thanh Hóa, |c 2005. - | ||
| 300 | |a 45 tr.; |c 19 cm | ||
| 520 | |a v..v.. | ||
| 653 | |a Nông nghiệp % Kỹ thuật nuôi % Sản xuất% Giống cá % Cá lóc | ||
| 942 | |2 ddc |c SH | ||
| 999 | |c 7337 |d 7337 | ||
| 952 | |0 0 |1 0 |2 ddc |4 0 |6 639_312000000000000_D561T |7 0 |8 600 |9 67384 |a qbu |b qbu |c D3 |d 2015-02-05 |g 5800 |o 639.312 D561T |p 7185.c1 |r 0000-00-00 |w 2015-02-05 |y SH | ||